| 000 -ლიდერი |
| ფიქსირებული სიგრძის საკონტროლო ველი |
01580nam a22002177a 4500 |
| 003 - საკონტროლო ნომრის იდენტიფიკატორი |
| საკონტროლო ველი |
Ge_BSU |
| 005 - ბოლო ოპერაციის თარიღი და დრო |
| საკონტროლო ველი |
20221124113837.0 |
| 008 - ფიქსირებული სიგრძის მონაცემთა ელემენტები - ზოგადი ინფორმაცია |
| ფიქსირებული სიგრძის საკონტროლო ველი |
221124s1987ge xxu||||| |||| 00| 0 geo d |
| 041 ## - ენის კოდი |
| Language code of text/sound track or separate title |
geo |
| 080 ## - უნივერსალური ათობითი კლასიფიკაციის ინდექსი |
| Universal Decimal Classification number |
821.112.2.03=353.1 უ-84 |
| 245 ## - ცნობა სათაურის შესახებ |
| Title |
უფროსი ედა ; სიმღერა ნიბელუნგებზე : |
| Remainder of title |
[გერმანული საგმირო ეპოსი] / |
| Statement of responsibility, etc |
თარგმნა: გიორგი კალანდაძემ, კონსტანტინე ჭიჭინაძემ ; რედაქტორი, წინასიტყვაობის და კომენტარების ავტორი დავით ლაშქარაძე. |
| 264 ## - წარმოების, გამოცემის, დისტრიბუციის და სხვა ცნობები |
| გამოცემის, წარმოების, დისტრიბუციის... ადგილი |
თბილისი : |
| გამოცემის, წარმოების, დისტრიბუციის... სახელწოდება |
საბჭოთა საქართველო, |
| გამოცემის, წარმოების, დისტრიბუციის... თარიღი |
1983. |
| 300 ## - ფიზიკური აღწერა |
| Extent |
656 გვ. ; |
| Other physical details |
21 სმ. |
| 440 ## - სერიის ცნობა / დამატებულია ჩანაწერი - სათაური |
| Title |
მსოფლიო ლიტერატურის ბიბლიოთეკა ტ. 7 |
| 9 (RLIN) |
16030 |
| 501 ## - შენიშვნა თანმხლებ მასალაზე |
| With note |
კომენტარები: გვ. 611-653. |
| 653 ## - INDEX TERM--UNCONTROLLED |
| Uncontrolled term |
გერმანული საგმირო ეპოსი. |
| 700 ## - ADDED ENTRY--PERSONAL NAME |
| Personal name |
კალანდაძე, გიორგი |
| Relator term |
მთარგმნელი |
| 9 (RLIN) |
16031 |
| 700 ## - ADDED ENTRY--PERSONAL NAME |
| Personal name |
ჭიჭინაძე, კონსტანტინე |
| Relator term |
მთარგმნელი |
| 9 (RLIN) |
16032 |
| 700 ## - ADDED ENTRY--PERSONAL NAME |
| Personal name |
ლაშქარაძე, დავით |
| Relator term |
რედაქტორი, წინასიტყვაობის და კომენტარების ავტორი |
| 9 (RLIN) |
16033 |
| 942 ## - ADDED ENTRY ELEMENTS (KOHA) |
| Source of classification or shelving scheme |
|
| Koha item type |
წიგნი |